| 000 | 00943nas a2200301 4500 | ||
|---|---|---|---|
| 001 | BR0704444 | ||
| 003 | BR-BrBNA | ||
| 005 | 20231205111347.0 | ||
| 007 | ta | ||
| 008 | 230509b bl.|||p| |||| 00| 00por d | ||
| 040 |
_aBR-BrBNA _bpor _cBiblioteca Nacional de Agricultura |
||
| 041 | _a(Pt) | ||
| 072 | _aH10 | ||
| 100 | 1 | _aFernandes, W.D. | |
| 100 | 1 | _aFerraz, J.M.G. | |
| 100 | 1 | _aFerracini, V.L. | |
| 100 | 1 | _aHabib, M.E.M. | |
| 245 | 1 | _aDeterrência alimentar e toxidez de extratos vegetais em adultos de Anthonomus grandis Boh. (Coleoptera: curculionidae) | |
| 650 | _aALGODÃO | ||
| 650 | _aINSETICIDA | ||
| 650 | _aTOXIDEZ | ||
| 650 | _aEXTRATO VEGETAL | ||
| 650 | _aPIMENTA DO REINO | ||
| 650 | _aANTHONOMUS GRANDIS | ||
| 773 | 0 |
_tAnais da Sociedade Entomológica do Brasil (Brazil) _xISSN 0301-8059 _g(Dec 1996), v. 25(3) p. 553- 556 _wBR0704444 |
|
| 909 |
_a202311 _bLúcia _c55 _dLúcia Elande |
||
| 942 |
_2AGRIS _n0 _cANA |
||
| 999 |
_c192259 _d192259 |
||